| 000 | 00561nam a2200145Ia 4500 | ||
|---|---|---|---|
| 008 | 151213s9999 xx 000 0 und d | ||
| 100 | _aসম্পাদক শহীদ ইকবাল। | ||
| 245 |
_aচিহ্ন _cসম্পাদক শহীদ ইকবাল। |
||
| 260 |
_aরাজসাহী। _bরাজশাহী বিশ্ববিদ্যায়। _c2009 |
||
| 300 | _a8838 p. | ||
| 650 | _aBangla | ||
| 650 | _aম্যাগাজিন। | ||
| 700 | _aসম্পাদক শহীদ ইকবাল। | ||
| 999 |
_c4623 _d4623 |
||